|
|
|
|
| LEADER |
03359nam a22005655i 4500 |
| 001 |
978-3-642-16164-3 |
| 003 |
DE-He213 |
| 005 |
20151204142047.0 |
| 007 |
cr nn 008mamaa |
| 008 |
100920s2010 gw | s |||| 0|eng d |
| 020 |
|
|
|a 9783642161643
|9 978-3-642-16164-3
|
| 024 |
7 |
|
|a 10.1007/978-3-642-16164-3
|2 doi
|
| 040 |
|
|
|d GrThAP
|
| 050 |
|
4 |
|a QA76.758
|
| 072 |
|
7 |
|a UMZ
|2 bicssc
|
| 072 |
|
7 |
|a UL
|2 bicssc
|
| 072 |
|
7 |
|a COM051230
|2 bisacsh
|
| 082 |
0 |
4 |
|a 005.1
|2 23
|
| 245 |
1 |
0 |
|a Model Checking Software
|h [electronic resource] :
|b 17th International SPIN Workshop, Enschede, The Netherlands, September 27-29, 2010. Proceedings /
|c edited by Jaco van de Pol, Michael Weber.
|
| 264 |
|
1 |
|a Berlin, Heidelberg :
|b Springer Berlin Heidelberg,
|c 2010.
|
| 300 |
|
|
|a X, 263 p. 70 illus.
|b online resource.
|
| 336 |
|
|
|a text
|b txt
|2 rdacontent
|
| 337 |
|
|
|a computer
|b c
|2 rdamedia
|
| 338 |
|
|
|a online resource
|b cr
|2 rdacarrier
|
| 347 |
|
|
|a text file
|b PDF
|2 rda
|
| 490 |
1 |
|
|a Lecture Notes in Computer Science,
|x 0302-9743 ;
|v 6349
|
| 505 |
0 |
|
|a Satisfiability Modulo Theories for Model Checking -- SMT-Based Software Model Checking -- Symbolic Object Code Analysis -- Model Checking in Context -- Experimental Comparison of Concolic and Random Testing for Java Card Applets -- Combining SPIN with ns-2 for Protocol Optimization -- Automatic Generation of Model Checking Scripts Based on Environment Modeling -- Implementation and Performance of Model Checking -- Model Checking: Cleared for Take Off -- Context-Enhanced Directed Model Checking -- Efficient Explicit-State Model Checking on General Purpose Graphics Processors -- The SpinJa Model Checker -- LTL and Büchi Automata -- On the Virtue of Patience: Minimizing Büchi Automata -- Enacting Declarative Languages Using LTL: Avoiding Errors and Improving Performance -- Nevertrace Claims for Model Checking -- Infinite State Models -- A False History of True Concurrency: From Petri to Tools -- Analysing Mu-Calculus Properties of Pushdown Systems -- Time-Bounded Reachability in Distributed Input/Output Interactive Probabilistic Chains -- An Automata-Based Symbolic Approach for Verifying Programs on Relaxed Memory Models -- Concurrent Software -- Context-Bounded Translations for Concurrent Software: An Empirical Evaluation -- One Stack to Run Them All.
|
| 650 |
|
0 |
|a Computer science.
|
| 650 |
|
0 |
|a Software engineering.
|
| 650 |
|
0 |
|a Computer programming.
|
| 650 |
|
0 |
|a Programming languages (Electronic computers).
|
| 650 |
|
0 |
|a Computer logic.
|
| 650 |
|
0 |
|a Mathematical logic.
|
| 650 |
1 |
4 |
|a Computer Science.
|
| 650 |
2 |
4 |
|a Software Engineering/Programming and Operating Systems.
|
| 650 |
2 |
4 |
|a Programming Languages, Compilers, Interpreters.
|
| 650 |
2 |
4 |
|a Programming Techniques.
|
| 650 |
2 |
4 |
|a Software Engineering.
|
| 650 |
2 |
4 |
|a Logics and Meanings of Programs.
|
| 650 |
2 |
4 |
|a Mathematical Logic and Formal Languages.
|
| 700 |
1 |
|
|a Pol, Jaco van de.
|e editor.
|
| 700 |
1 |
|
|a Weber, Michael.
|e editor.
|
| 710 |
2 |
|
|a SpringerLink (Online service)
|
| 773 |
0 |
|
|t Springer eBooks
|
| 776 |
0 |
8 |
|i Printed edition:
|z 9783642161636
|
| 830 |
|
0 |
|a Lecture Notes in Computer Science,
|x 0302-9743 ;
|v 6349
|
| 856 |
4 |
0 |
|u http://dx.doi.org/10.1007/978-3-642-16164-3
|z Full Text via HEAL-Link
|
| 912 |
|
|
|a ZDB-2-SCS
|
| 912 |
|
|
|a ZDB-2-LNC
|
| 950 |
|
|
|a Computer Science (Springer-11645)
|